Statystyki dla 10 największych miast Polski na literę K

Kliknij tutaj aby rozwiązać quiz!

Ogólne statystyki

  • Ten quiz został rozwiązany 202 razy
  • Średni wynik to 6 z 10

Statystyki odpowiedzi

LudnośćMiasto% Poprawnych
779 966Kraków
98%
290 553Katowice
95%
193 415Kielce
77%
99 106Kalisz
62%
106 235Koszalin
62%
46 198Kołobrzeg
59%
72 539Konin
51%
45 944Krosno
47%
60 021Kędzierzyn-Koźle
39%
43 332Kutno
36%

Rozkład punktacji

Percentyl według liczby udzielonych odpowiedzi

Procent ludzi z każdym wynikiem

Twoja historia wyników

Nie rozwiązałeś tego quizu